Asset management for environmental conditions - retrofitting strategies for simple buildings (Record no. 115938)

MARC details
000 -LEADER
fixed length control field 01548cam a2200313 4500
001 - CONTROL NUMBER
control field L159478
008 - FIXED-LENGTH DATA ELEMENTS--GENERAL INFORMATION
fixed length control field 051206n2016 000 0 eng u
020 ## - INTERNATIONAL STANDARD BOOK NUMBER
International Standard Book Number 9781848064508
035 ## - SYSTEM CONTROL NUMBER
System control number (Sirsi) u159478
041 0# - LANGUAGE CODE
Language code of text/sound track or separate title eng
100 1# - MAIN ENTRY--PERSONAL NAME
Personal name Suttie, Ed
245 00 - TITLE STATEMENT
Title Asset management for environmental conditions - retrofitting strategies for simple buildings
260 ## - PUBLICATION, DISTRIBUTION, ETC.
Place of publication, distribution, etc. Watford
Name of publisher, distributor, etc. BRE
Date of publication, distribution, etc. 2016
300 ## - PHYSICAL DESCRIPTION
Extent 12p.
Other physical details ill.
Dimensions 30cm.
490 #0 - SERIES STATEMENT
Series statement BRE Information Paper
Volume/sequential designation (IP 2/16)
520 ## - SUMMARY, ETC.
Summary, etc. Reviews the management of simple buildings, such as warehouses, for environmental conditions. The demands for environmental conditions in UK warehousing and retail sheds were researched and issues of user comfort and specific product categories (e.g. grain, spirit maturation, palletised and racking storage units, and depots) were explored. This paper considers temperature and humidity control, types of heating systems, retrofit measures, lighting recommendations, and benefits of retrofit or replacement. A specific case study of whisky maturation warehouses is used to highlight the ability to measure and model environmental conditions and the significance of their impact on process.
650 24 - SUBJECT ADDED ENTRY--TOPICAL TERM
Topical term or geographic name entry element ENVIRONMENTAL CONTROL
650 24 - SUBJECT ADDED ENTRY--TOPICAL TERM
Topical term or geographic name entry element TEMPERATURE CONTROL
650 24 - SUBJECT ADDED ENTRY--TOPICAL TERM
Topical term or geographic name entry element HEATING SYSTEMS
650 24 - SUBJECT ADDED ENTRY--TOPICAL TERM
Topical term or geographic name entry element LIGHTING
651 #4 - SUBJECT ADDED ENTRY--GEOGRAPHIC NAME
Geographic name ENGLAND AND WALES
690 ## - LOCAL SUBJECT ADDED ENTRY--TOPICAL TERM (OCLC, RLIN)
Topical term or geographic name as entry element Environment
9 (RLIN) 6238
700 1# - ADDED ENTRY--PERSONAL NAME
Personal name Abela, Alan
700 1# - ADDED ENTRY--PERSONAL NAME
Personal name Dengel, Andy
700 1# - ADDED ENTRY--PERSONAL NAME
Personal name Hannah, Graeme
700 1# - ADDED ENTRY--PERSONAL NAME
Personal name McMillan, Leanne
700 1# - ADDED ENTRY--PERSONAL NAME
Personal name Ticleanu, Cosmin Dr
942 ## - ADDED ENTRY ELEMENTS (KOHA)
Suppress in OPAC 0
Holdings
Withdrawn status Lost status Source of classification or shelving scheme Damaged status Not for loan Home library Current library Shelving location Date acquired Total Checkouts Full call number Barcode Date last seen Copy number Price effective from Koha item type
    Dewey Decimal Classification     London London BRE publications 01/08/2017   ENQUIRY DESK 30078445 06/08/2019 1 06/08/2019 Book